Integrovaný kapitálový trh v Európskej únii. 1
Jednotný postup členských národných vlád pri formovaní trhu finančných služieb v EÚ. Trhové procesy ako hlavný faktor zjednocovania kapitálového trhu. Zjednocovanie európskej legislatívy pohybu kapitálu a finančných služieb. Boj o kapitálové trhy v 90. rokoch.
Salvato in:
| Autore principale: | |
|---|---|
| Natura: | Capitolo di libro |
| Lingua: | slovacco |
| Soggetti: | |
| Tags: |
Nessun Tag, puoi essere il primo ad aggiungerne!!
|
MARC
| LEADER | 00000naa a2200000 4500 | ||
|---|---|---|---|
| 001 | r017618 | ||
| 005 | 20221213100840.6 | ||
| 041 | 0 | |a slo | |
| 044 | |a SK | ||
| 245 | 1 | 0 | |a Integrovaný kapitálový trh v Európskej únii. 1 |c Vladimír Baláž |
| 520 | |a Jednotný postup členských národných vlád pri formovaní trhu finančných služieb v EÚ. Trhové procesy ako hlavný faktor zjednocovania kapitálového trhu. Zjednocovanie európskej legislatívy pohybu kapitálu a finančných služieb. Boj o kapitálové trhy v 90. rokoch. | ||
| 610 | 2 | 0 | |a trh finančný |
| 610 | 2 | 0 | |a trh kapitálový |
| 610 | 2 | 0 | |a Európska únia |
| 610 | 2 | 0 | |a EHS |
| 610 | 2 | 0 | |a liberalizácia |
| 610 | 2 | 0 | |a legislatíva |
| 610 | 2 | 0 | |a služby finančné |
| 100 | 1 | |a Baláž, Vladimír | |